000 00854nam a2200277Ia 4500
001 Para_4336
003 CHAP
008 220125s1963 xx 000 0 und d
010 _a202863
040 _cCHAP
090 _aPA FOLLETO 1866
100 _aBrazzel, J. R
_915178
245 _aSeasonal incidence of tobacco budworms on cotton in Texas, 1962 /
_c J. R. Brazzel and Weldon Newton
260 _aCollege Station, Texas :
_b Agricultural Experiment Station
300 _a5 h.
440 _aTexas Agri. Exp. Sta. Progress report; 2272
_9168318
650 _aHeliothis virescens Algodón
_x Plagas
_9168319
700 _aNewton, Weldon
_981109
901 _aPA FOLLETO 1866
902 _aA
905 _a0000001963 ck 0000000000 00
910 _a1963
942 _cPARA
942 _cPARA
_d1
999 _c202863
_d202863